000 00866nam a2200217Ia 4500
008 040218s2002 ie a eng d
020 _a0907660819
049 _le
082 _a779.092
_bB995o
100 1 _aByrne, Gerard,
_d1969-
_94758
245 1 0 _aGerard Byrne :
_bop-ed.
260 _aLimerick :
_bLimerick City Art Gallery ;
_aDublin :
_bDouglas Hyde Gallery,
_cc2002.
300 _a44 p. :
_bill. (col.) ;
_c18 cm.
500 _aCatalogue of an exhibition held at the Limerick City Art Gallery, June 27-Sept. 8, 2002 and the Douglas Hyde Gallery, Dublin, Oct. 18-Nov. 30, 2002.
600 1 0 _aByrne, Gerard,
_d1969-
_vExhibitions.
_94759
600 1 0 _aByrne, Gerard,
_d1969-
_vExhibiciones
_94760
650 _aFotografĂ­a artĂ­stica
_xExhibiciones
_94346
710 2 _aLimerick City Gallery of Art.
_94761
710 2 _aDouglas Hyde Gallery.
_94762
740 0 1 _aOp-ed.
999 _c863
_d863